000 00674nam a2200253Ia 4500
003 OSt
005 20221006142652.0
006 a|||||r|||| 00| 0
007 ta
008 221006b |||||||| |||| 00| 0 eng d
020 _c253.00
024 _a6,892
037 _cTextual
040 _aEASL
_cEASL
_beng
041 _2eng
_aeng
082 _aY.15.41.N8, M3
100 _aJOHNSON Kay Ann
_9135813
245 0 _aWomen the family and peasant revolution in China
260 _aLondon
_bUniversity of Chicago
_c1983
300 _a282p.
_ccm.
490 _v CEL
942 _hY.15.41.N8, M3
_cTEXL
_2CC
999 _c1074978
_d1074978